ՀՀ Գիտությունների ազգային ակադեմիայի հիմնարար գիտական գրադարան  =   Fundamental Scientific Library of NAS RA

Организация работ по опережающей стандартизации / (Record no. 386426)

MARC details
000 -LEADER
fixed length control field 00806nam a2200205 a 4500
001 - CONTROL NUMBER
control field 000961247
003 - CONTROL NUMBER IDENTIFIER
control field AM-YeHGA
005 - DATE AND TIME OF LATEST TRANSACTION
control field 20250617153217.0
008 - FIXED-LENGTH DATA ELEMENTS--GENERAL INFORMATION
fixed length control field 130503s1979 ru r 000 0 rus d
040 ## - CATALOGING SOURCE
Original cataloging agency AM-YeHGA
041 0# - LANGUAGE CODE
Language code of text/sound track or separate title rus
090 ## - LOCALLY ASSIGNED LC-TYPE CALL NUMBER (OCLC); LOCAL CALL NUMBER (RLIN)
-- 388406
245 00 - TITLE STATEMENT
Title Организация работ по опережающей стандартизации /
Statement of responsibility, etc. Л.А. Стравинский, К.Л. Швецов и др.
260 ## - PUBLICATION, DISTRIBUTION, ETC.
Place of publication, distribution, etc. Москвa :
Name of publisher, distributor, etc. Изд-во стандартов,
Date of publication, distribution, etc. 1979.
300 ## - PHYSICAL DESCRIPTION
Extent 220 с. :
Other physical details табл., схем. ;
Dimensions 21 см.
500 ## - GENERAL NOTE
General note Авт. указ. на оборот. тит. л.
504 ## - BIBLIOGRAPHY, ETC. NOTE
Bibliography, etc. note Библиогр.: с. 213-217
700 1# - ADDED ENTRY--PERSONAL NAME
Personal name Стравинский, Лев Анатольевич
700 1# - ADDED ENTRY--PERSONAL NAME
Personal name Швецов, Константин Леонидович
Holdings
Withdrawn status Lost status Source of classification or shelving scheme Damaged status Not for loan Collection Home library Current library Date acquired Total checkouts Full call number Barcode Date last seen Price effective from Koha item type Public note
    Universal Decimal Classification     General Fundamental Scientific Library Fundamental Scientific Library 19/07/2017   PII/435988 FL0452931 19/07/2017 19/07/2017 Գրքեր / Books 30 Days Loan


ՀՀ ԳԱԱ հիմնարար գիտական գրադարան
ՀՀ,Երևան 0019
Մարշալ Բաղրամյան 24/6
հեռախոս:(374-10) 52-47-50
Հետադարձ կապ

All site content, except where otherwise noted, is licensed under a
Creative Commons License